00358nam a2200109Ia 4500008004100000245010900041260004900150260000900199300001000208500001400218650001600232170224s9999 xx 000 0 und d aReligious magnanimity: Reminding people of their religious belief system reduces hostility after threat. bJournal of Personality and Social Psychology c2014 a107:3 aSeptember xPsychology.